000
00282 a2200109 4500
001
48019
082
_a
( termite affected boarded out)
090
_c
31008
_d
31008
100
_a
M Qutab
245
_a
Jadid Jahilyyat( termite affected boarded out)
260
_a
Karachi
_b
Idara magarif-i-Islamia
942
_a
NUST-CAE
999
_c
283092
_d
283092